00379pab a2200133 454500008004000000100001800040245008300058260000900141300001500150362000800165650001700173650002600190773002900216180718b2007 xxu||||| |||| 00| 0 eng d aPower, Andrew aSpatial perspectives on voluntarism in learning disability services in Ireland c2007 ap.299-315. aApr aDisabilities aLearning disabilities aJournal of Social Policy